000 00754nam a2200229 a 4500
999 _c11634
_d11634
001 11634
003 BD-JhCC
005 20200712123840.0
008 200712b2019 bg |||| ||a| 000 0 ben d
020 _a9789845250528
035 _a(BD-JhCC)11634
040 _aBD-JhCC
_dBD-JhCC
041 _aben
082 _a306.2
_bANI 2019
100 _aআনিসুজ্জামান
245 _aসমাজ সংস্কৃতি রাজনীতি:
_bদশটি বক্তৃতা /
_cআনিসুজ্জামান ।
260 _aঢাকা:
_bপ্রথমা প্রকাশন;
_c২০১৯.
300 _a143 p. :
_c20 cm.
650 _aPolitics and culture
_zPolitical science
942 _2ddc
_cBK